|
|
|
|
| LEADER |
01842cas a2200253 a 4500 |
| 001 |
AALejournalIMF007718 |
| 008 |
230101c9999 xx r poo 0 0eng d |
| 020 |
|
|
|c 5.00 USD
|
| 020 |
|
|
|z 9781451851649
|
| 022 |
|
|
|a 1018-5941
|
| 040 |
|
|
|a BD-DhAAL
|c BD-DhAAL
|
| 100 |
1 |
|
|a Karacadag, Cem.
|
| 245 |
1 |
4 |
|a The New Capital Adequacy Framework :
|b Institutional Constraints and Incentive Structures /
|c Cem Karacadag, Michael Taylor.
|
| 264 |
|
1 |
|a Washington, D.C. :
|b International Monetary Fund,
|c 2000.
|
| 300 |
|
|
|a 1 online resource (40 pages)
|
| 490 |
1 |
|
|a IMF Working Papers
|
| 500 |
|
|
|a <strong>Off-Campus Access:</strong> No User ID or Password Required
|
| 500 |
|
|
|a <strong>On-Campus Access:</strong> No User ID or Password Required
|
| 506 |
|
|
|a Electronic access restricted to authorized BRAC University faculty, staff and students
|
| 520 |
3 |
|
|a This paper considers the implementation challenges facing the Basel Committee's new proposals on bank capital standards. When compared with the existing Capital Accord, the proposals represent a shift across two intersecting dimensions-regulatory versus economic capital, and rules-based versus process-oriented regulation. On minimum capital standards, the case for using external ratings may be stronger than has been recognized, given the divergences in the purpose and design of internal ratings. On supervisory review, ensuring comparability among supervisors and building supervisory capacity will present serious challenges. On enhancing market discipline, incentives for markets to exercise discipline will be required.
|
| 538 |
|
|
|a Mode of access: Internet
|
| 700 |
1 |
|
|a Taylor, Michael.
|
| 830 |
|
0 |
|a IMF Working Papers; Working Paper ;
|v No. 2000/093
|
| 856 |
4 |
0 |
|z Full text available on IMF
|u http://elibrary.imf.org/view/journals/001/2000/093/001.2000.issue-093-en.xml
|z IMF e-Library
|